Top 16 Most Powerful Passports in 2025 - Statistics

General Stats
  • This quiz has been taken 117 times
    19 since last reset
  • The average score is 11 of 16
Answers on the Map
Answers color-coded by a green-red scale on the quiz's map according to % correct below.
 
Answer Stats
Answer % Correct
France
89%
Germany
83%
Spain
83%
Italy
78%
Netherlands
78%
Norway
78%
Singapore
78%
Belgium
72%
Denmark
72%
Switzerland
72%
Austria
67%
Portugal
67%
United Arab Emirates
67%
Finland
61%
Luxembourg
56%
Greece
39%
No matching quizzes found
Score Distribution
Percent of People with Each Score
Percentile by Number Answered
Your Score History
You have not taken this quiz since the last reset